000 00857nam a2200241Ia 4500
003 GCL
008 140319s9999 xx 000 0 ara d
020 _a4014383977
040 _aGCL /
_cGCL
082 0 4 _a341.77
_bع ق
100 1 _aعلى يوسف الشكرى
245 1 0 _aالقانون الجنائى الدولى فى عالم متغير /
_cعلى يوسف الشكرى
250 _aالاولى
260 _aالقاهرة :
_bايتراك للنشر والتوزيع ،
_c2005
300 _a395 ص ؛
_c25 سم
650 0 4 _aالقانون الجنائى
650 0 4 _aالقضاء
650 0 4 _aالمحاكم الجنائية
650 0 4 _aالقانون الجنائى - طوكيو
650 0 4 _aالقانون الجنائى - رواندا
650 0 4 _aالقانون الجنائى - يوغسلافيا
942 _2ddc
_cBK
999 _c51126
_d51126